| 000 | 01021 a2200253 4500 | ||
|---|---|---|---|
| 003 | Nust | ||
| 005 | 20220816152715.0 | ||
| 010 | _a 2008030348 | ||
| 020 | _a1848210558 (alk. paper) | ||
| 020 | _a9781848210554 (alk. paper) | ||
| 035 | _a(OCoLC)230183428 | ||
| 035 | _a(OCoLC)ocn230183428 | ||
| 040 | _cNust | ||
| 082 | 0 | 0 | _a621.3820151,FIC |
| 100 | 1 |
_aFiche, Georges. _997500 |
|
| 245 | 1 | 0 |
_aMathematics for engineers / _cGeorges Fiche and Guard Houterne. |
| 260 |
_aLondon : _bISTE ; _aHoboken, NJ : _bWiley, _c2008. |
||
| 300 |
_a435 p. : _bill. ; _c25 cm. |
||
| 505 | _aProbability Theory (Page-19), Probability Laws (Page-58), Statistics (Page-87), Signal Theory (Page-113), Information Coding Theory (Page-201), Traffic and Queuing Theory (Page-289), Reliability Theory (Page-363)Simulation (Page-399). | ||
| 650 | 0 | _aTelecommunication engineering | |
| 700 | 1 |
_aHouterne, Guard. _997501 |
|
| 856 | 4 | 1 |
_3Table of contents only _uhttp://www.loc.gov/catdir/toc/ecip0823/2008030348.html |
| 942 |
_cREF _2ddc |
||
| 999 |
_c188412 _d188412 |
||